El descubrimiento del universo
Uloženo v:
| Hlavní autor: | |
|---|---|
| Médium: | Kniha |
| Jazyk: | španělština |
| Vydáno: |
Ciudad de México
Fondo de Cultura Económica
2011
|
| Vydání: | 4a. ed |
| Edice: | La Ciencia Para Todos, 6
|
| Témata: | |
| Tagy: |
Přidat tag
Žádné tagy, Buďte první, kdo vytvoří štítek k tomuto záznamu!
|
MARC
| LEADER | 00000cam a2200000 a 4500 | ||
|---|---|---|---|
| 001 | UCF9454 | ||
| 003 | CL-VaPUC | ||
| 008 | 131125e20110000mx |||||||||||||||||spa|d | ||
| 020 | |a 9786071607324 | ||
| 082 | 0 | 4 | |a 523.1 |b HAC |2 21 |
| 100 | |a Hacyan, Shahen |e author |9 571763 | ||
| 245 | 1 | 3 | |a El descubrimiento del universo |
| 250 | |a 4a. ed | ||
| 300 | |a 168 p | ||
| 942 | |c BK | ||
| 945 | |d 20131125 03:22:00 |a dcastane | ||
| 260 | |a Ciudad de México |b Fondo de Cultura Económica |c 2011 | ||
| 650 | 0 | |a Astrofísica |9 269137 | |
| 650 | 0 | |a Cosmología |9 269138 | |
| 650 | 0 | |a Astronomía |9 260985 | |
| 583 | |a last modification |c 20131125 03:22:00 |k Rodrigo Vera | ||
| 490 | 0 | |a La Ciencia Para Todos, 6 | |
| 999 | |c 353897 |d 353895 | ||